000 00434nam a22001697a 4500
003 MACL
005 20160802122004.0
008 160802b xxu||||| |||| 00| 0 eng d
040 _cMACL
041 _aEnglish
082 _a415 MOH
100 _aMohan, Krishna
_965916
245 _aSpeaking English Effectively
_cKrishna Mohan
260 _aNew Delhi
_bMacmillan Publishers
_c2009
650 _aSpoken
_965917
942 _2ddc
_cBK
999 _c55415
_d55415